000 00623nam a2200205Ia 4500
003 GCL
008 140319s9999 xx 000 0 ara d
040 _aGCL /
_cGCL
082 0 4 _a370.194
_bم ص
100 1 _aمحمد رجب فضل الله
245 1 0 _aصعوبات الكتابة الاملائية /
_cمحمد رجب فضل الله
300 _a90
490 _aكتاب
_v0
650 0 4 _aالتعليم
650 0 4 _aاللغة العربية
650 0 4 _aالتعليم الاساسى
650 0 4 _aالكتابة العربية
650 0 4 _aقواعد الاملاء والهجاء
942 _2ddc
_cBK
999 _c41789
_d41789